Smart Grid, Multi Micro Grid Integration and Planning / (Record no. 615509)

000 -LEADER
fixed length control field 00474nam a22001577a 4500
082 ## - DEWEY DECIMAL CLASSIFICATION NUMBER
Classification number PhD-EEP-2
100 ## - MAIN ENTRY--PERSONAL NAME
Personal name Malik, Muhammad Mahad (360022)
245 ## - TITLE STATEMENT
Title Smart Grid, Multi Micro Grid Integration and Planning /
264 ## - PRODUCTION, PUBLICATION, DISTRIBUTION, MANUFACTURE, AND COPYRIGHT NOTICE
Place of production, publication, distribution, manufacture Islamabad :
Name of producer, publisher, distributor, manufacturer USPCAS-E,
Date of production, publication, distribution, manufacture, or copyright notice June, 2025.
300 ## - PHYSICAL DESCRIPTION
Extent xxii, 185 p.
Accompanying material +CD
520 ## - SUMMARY, ETC.
Summary, etc. PhD-EEP-2
650 ## - SUBJECT ADDED ENTRY--TOPICAL TERM
Topical term or geographic name entry element PhD EEP Thesis
650 ## - SUBJECT ADDED ENTRY--TOPICAL TERM
Topical term or geographic name entry element PhD Thesis
700 ## - ADDED ENTRY--PERSONAL NAME
Personal name Supervisor: Dr. Syed Ali Abbas Kazmi
942 ## - ADDED ENTRY ELEMENTS (KOHA)
Source of classification or shelving scheme
Koha item type Thesis
Holdings
Withdrawn status Permanent Location Current Location Date acquired Full call number Barcode Koha item type
  US-Pakistan Center for Advanced Studies in Energy (USPCAS-E) US-Pakistan Center for Advanced Studies in Energy (USPCAS-E) 12/15/2025 PhD-EEP-2 CAS-EPTH000017 Thesis
© 2023 Central Library, National University of Sciences and Technology. All Rights Reserved.